000
00328nam a2200133 a 4500
001
4144
005
20140414131923.0
008
090317s19uu xx 00 eng d
050
_a
ER
_b
T22 1993
100
_a
Spurgeon, Maureen
245
_a
Teddy bear adventures.
260
_a
England :
_b
Brown Watson,
_c
1993.
999
_c
111887
_d
111887